00509nam a22001817a 450000500170000001000130001702000260003003500130005603700180006908200080008710000220009524500500011726000350016727000590020230000270026149000200028850000190030820181025125518.0 aB-710712 a9780670058013c750.00 aB-710712 aPenguin Books a954 aNehru, Jawaharlal aThe discovery of India /cby Jawaharlal Nehru aNew DelhibPenguin Booksc2004 a11 Community Centre Panchsheel ParkbNew Delhie110017 axiv, 642p.c23cm. (Hb) aModern classics aincludes index